La Nueva industrialización en América Latina y las empresas transnacionales /
Guardado en:
| Autor principal: | |
|---|---|
| Formato: | Texto |
| Etiquetas: |
Agregar Etiqueta
Sin Etiquetas, Sea el primero en etiquetar este registro!
|
MARC
| LEADER | 00000 a a2200000 04500 | ||
|---|---|---|---|
| 001 | 10956 | ||
| 003 | |||
| 040 | |||
| 100 | |a Dofman, Adolfo | ||
| 245 | |a La Nueva industrialización en América Latina y las empresas transnacionales / |c Adolfo Dofman | ||
| 773 | |g número 60; páginas 107-118 | ||
| 999 | |c 35866 |d 35866 | ||
